| 000 | 00676cam a22002531 4500 | ||
|---|---|---|---|
| 001 | 10225540 | ||
| 003 | NUST | ||
| 005 | 20220306130311.0 | ||
| 008 | 750605s1948 xx 000 0 eng | ||
| 010 | _a 48005852 | ||
| 035 | _a(OCoLC)1376617 | ||
| 038 | _awaseem | ||
| 040 |
_aDLC _cFO _dDLC |
||
| 050 | 0 | 0 |
_aPZ3.M1958 _bQe _aPR6025.A25253 |
| 082 |
_a823.914 _bMAC |
||
| 100 | 1 |
_aMacken, Walter, _990360 |
|
| 245 | 1 | 0 |
_aQuench the moon / _cWalter Macken |
| 260 |
_aLondon : _bMcMillians & co, _c1948. |
||
| 300 |
_a398 p. _c18 cm. |
||
| 563 | _aPBK. | ||
| 651 | 0 |
_aIreland _xFiction. _990361 |
|
| 906 |
_a7 _bcbc _coclcrpl _du _encip _f19 _gy-gencatlg |
||
| 942 |
_2ddc _cBK |
||
| 999 |
_c588618 _d588618 |
||